000 00205 a2200097 4500
001 20108
100 _aSiddiq K N
245 _aQuran & the world today
260 _a
_bIzhar Sons
_c
090 _c14702
_d14702
942 _aNUST-CAE
_cM
_c5228
999 _c255181
_d255181